Wireless Charging of Aerial Vehicle using Inductive Charging Technique (Record no. 326059)

000 -LEADER
fixed length control field 00410 a2200133 4500
001 - CONTROL NUMBER
control field 90986
082 ## - DEWEY DECIMAL CLASSIFICATION NUMBER
Classification number PR 1791
090 ## - LOCALLY ASSIGNED LC-TYPE CALL NUMBER (OCLC); LOCAL CALL NUMBER (RLIN)
-- 43127
-- 43127
100 ## - MAIN ENTRY--PERSONAL NAME
Personal name Muhammad Owais; Prof Shahzad Arshad and Salman Aslam (Advisors)
245 ## - TITLE STATEMENT
Title Wireless Charging of Aerial Vehicle using Inductive Charging Technique
Number of part/section of a work 76th 'B' EC
260 ## - PUBLICATION, DISTRIBUTION, ETC.
Place of publication, distribution, etc. Rawalpindi
Name of publisher, distributor, etc. NUST
Date of publication, distribution, etc. 2014
300 ## - PHYSICAL DESCRIPTION
Extent xiv;107p
500 ## - GENERAL NOTE
General note BE Project Reports
942 ## - ADDED ENTRY ELEMENTS (KOHA)
Institution code [OBSOLETE] CAE NUST
Call number prefix PR 1791
Holdings
Withdrawn status Lost status Damaged status Not for loan Collection code Permanent Location Current Location Date acquired Total Checkouts Full call number Barcode Date last seen Price effective from Koha item type
          College of Aeronautical Engineering (CAE) College of Aeronautical Engineering (CAE) 04/03/2017   PR 1791 CAEPR-1791 04/05/2017 04/05/2017 Book
© 2023 Central Library, National University of Sciences and Technology. All Rights Reserved.